Preventive counseling : helping people to become empowered in systems and settings

Main Author: Conyn ,Robert K. (Author)
Published: New York: Brunner-Routledge, 2004
Edition:Second edition
Subjects:
LEADER 00954cam a2200277 7i4500
001 0000046428
005 20240326090000.0
008 240326t20042004nyu# ### #00001eng##
020 # # |a 0415945550  
020 # # |a 9780415945554  
040 # # |a UMT   |b eng   |c UMT   |d Ohiolink   |e rda 
090 0 0 |a RA 790   |b .C6 2004 
100 1 # |a Conyn ,Robert K.   |e author  
245 1 0 |a Preventive counseling :   |b helping people to become empowered in systems and settings   |c Robert K. Conyne. 
250 # # |a Second edition 
264 # 1 |a New York:   |b Brunner-Routledge,   |c 2004 
264 # 4 |c ♭2004 
300 # # |a xvii, 236 pages;   |c 23 cm 
336 # # |a text --   |2 rdacontent 
337 # # |a unmediated --   |2 rdamedia 
338 # # |a volume --   |2 rdacarrier 
504 # # |a Includes bibliographical references and index 
590 # # |a Perpustakaan Sultanah Nur Zahirah 
650 0 0 |a Mental illness --   |x Prevention  
650 0 0 |a Counseling  
999 |a 1100037973  |b Book  |c Open Shelf  |e KOLEKSI TERBUKA